Word Ladder: David Lynch Films Quiz Stats

 Plays Quiz Updated Dec 3, 2016

Challenge
Share
Tweet
Embed
Score 0/26 Timer 03:00
4 Plays Today
Clue 4-Letter Word % Correct
Perceive with an earHEAR
98.3%
Panic or frightFEAR
97%
An amazing accomplishmentFEAT
96.1%
A corridor connecting roomsHALL
92.5%
Having lost carbonationFLAT
92.1%
Command to stopHALT
92.1%
US diplomats have an 'open ___' policyDOOR
91.6%
• 1986: ___ Velvet ••BLUE•
91.5%
Mouth-puckering tasteSOUR
91%
Chimney ductFLUE
86.9%
Gloomy or depressedDOUR
86.9%
Tie up a boatMOOR
85.2%
Loose fleshFLAB
84.4%
Clue 4-Letter Word % Correct
'It don't amount to a ___ of beans'HILL
84%
Indistinct speechSLUR
83.6%
State of mindMOOD
83.4%
To screw up, as in a speechFLUB
82.7%
'Parklife' bandBLUR
82.3%
• 1977 debut: Eraser___•HEAD•
81.2%
Beatles song: 'Norwegian ___'WOOD
76.7%
Inner strength to carry onWILL
76.7%
• 1990: ___ at Heart ••WILD•
70.3%
G.O.B. Bluth's son: STEVE ___!HOLT
66.3%
Throw a partyHOST
65.3%
Upland area of old countryWOLD
64.7%
• 1997: ___ Highway ••LOST•
56.8%

Today's Daily Dose

You're not logged in!

Compare scores with friends on all Sporcle quizzes.
OR
Log In

You Might Also Like...

Show Comments

Extras

Top Quizzes Today


Score Distribution

Your Account Isn't Verified!

In order to create a playlist on Sporcle, you need to verify the email address you used during registration. Go to your Sporcle Settings to finish the process.

Report this User

Report this user for behavior that violates our Community Guidelines.

Details: